000 01078nam a2200313 4500
003 EG-GICUC
005 20260121101206.0
008 251110s1967 le ||||fr|||| 00| 0 ara d
040 _a EG-GICUC
_bara
_c EG-GICUC
_d EG-GICUC
_erda
041 0 _aara
082 0 4 _221
_a341.6
_bا ن. ا
092 0 4 _221
099 _aLaw1 11 341.6 ا ن. ا 1967
100 0 _aأنيس القاسم
_eمؤلف.
245 1 2 _aالإعداد الثوري لمعركة التحرير/
_cأنيس القاسم.
264 1 _aبيروت؛
_bمركز الأبحاث- منظمة التحرير الفلسطينية،
_c1967.
300 _a360؛صفحة
_c24 سم
336 _2rda content
_atext
337 _2rda media
_aComputer
338 _2rda carrier
_aOnline Resource
490 _3سلسلة كتب فلسطسنية
_a5
546 _aالنص باللغة العربية
650 _aمعركة التحرير
650 _aاعداد الثورة
651 1 _2qrmak
856 4 0 _uhttps://fll.law.cu.edu.eg/fulltext/bks/B11-04493.pdf
905 _a75
942 _2ddc
_n0
_cBK
_e21
999 _c42342
_d42342